| 000 | 01228nac a22003251i 4500 | ||
|---|---|---|---|
| 003 | EG-ScBUE | ||
| 005 | 20241208094233.0 | ||
| 008 | 241208s2006 enka f b 001 0 eng d | ||
| 020 | _a9780521685672 (pbk.) | ||
| 020 | _a0521685672 (pbk.) | ||
| 020 | _a9780521866736 (hbk.) | ||
| 020 | _a0521866731 (hbk.) | ||
| 035 | _a(OCoLC)ocm70875021 | ||
| 040 |
_aEG-ScBUE _beng _erda _cEG-ScBUE _dEG-ScBUE |
||
| 082 | 0 | 4 |
_a519.54 _bCOX _222 |
| 100 | 1 |
_aCox, D. R., _eauthor. |
|
| 245 | 1 | 0 |
_aPrinciples of statistical inference / _cD.R. Cox, Nuffield College, Oxford. |
| 264 | 1 |
_aCambridge ; _aNew York : _bCambridge University Press, _c2006. |
|
| 300 |
_axv, 219 pages : _billustrations ; _c23 cm |
||
| 336 |
_2rdacontent _atext _btxt |
||
| 337 |
_aunmediated _2rdamedia _bn |
||
| 338 |
_avolume _bnc _2rdacarrier |
||
| 504 | _aIncludes bibliographical references and index. | ||
| 650 | 7 |
_aMathematical statistics. _2BUEsh |
|
| 650 | 7 |
_aProbabilities. _2BUEsh |
|
| 655 | _vReading book | ||
| 856 | 4 | 2 |
_3Publisher description _uhttp://www.loc.gov/catdir/enhancements/fy0702/2006297166-d.html |
| 856 | 4 | 2 |
_3Table of contents only _uhttp://www.loc.gov/catdir/enhancements/fy0702/2006297166-t.html |
| 942 |
_cBB _2ddc |
||
| 999 |
_c1956 _d1956 |
||